[Event "XI GRAN TORNEO INTERNACIONAL AFICIONADOS"]
[Site "Benidorm (Alicante - SPAIN)"]
[Date "2012.12.06"]
[Round "7"]
[White "Cardenas, Fernando Adrian"]
[Black "RRamon Gualberto, Arturo"]
[Result "1-0"]
[WhiteElo "1980"]
[BlackElo "1927"]
[PlyCount "83"]
[EventDate "2012.11.30"]
[EventRounds "10"]
[EventCountry "ESP"]

1. Nf3 Nf6 2. c4 g6 3. Nc3 Bg7 4. e4 d6 5. d4 O-O 6. Be2 Na6 7. O-O e5 8. d5
Nc5 9. Qc2 a5 10. Ne1 Qe7 11. b3 Ne8 12. Be3 f5 13. f3 Nd7 14. Nd3 f4 15. Bf2
Bf6 16. Kh1 Bh4 17. a3 Qg5 18. Qd2 Bxf2 19. Nxf2 Qh4 20. Kg1 Ndf6 21. b4 g5 22.
c5 Nh5 23. Rfc1 Rf6 24. Nb5 g4 25. fxg4 f3 26. Bxf3 Rxf3 27. gxf3 Nf4 28. bxa5
h5 29. Kh1 Bd7 30. c6 bxc6 31. dxc6 Be6 32. Rg1 Rxa5 33. a4 Kf7 34. g5 Kg6 35.
Rg3 Ra8 36. a5 Bc4 37. Nc3 Ng7 38. Ra4 Bf1 39. Ra1 Bc4 40. Nfd1 Nge6 41. Ne3
Ba6 42. Nf5 1-0

[Event "XI GRAN TORNEO INTERNACIONAL AFICIONADOS"]
[Site "Benidorm (Alicante - SPAIN)"]
[Date "2012.12.06"]
[Round "7"]
[White "Voet, Dirk"]
[Black "Gonzalez Cuervo, Eloy"]
[Result "0-1"]
[WhiteElo "1911"]
[BlackElo "1961"]
[PlyCount "58"]
[EventDate "2012.11.30"]
[EventRounds "10"]
[EventCountry "ESP"]

1. e4 c5 2. Nf3 Nc6 3. g3 d6 4. Bg2 g6 5. O-O Bg7 6. c3 Bg4 7. h3 Bxf3 8. Qxf3
e6 9. Na3 Nge7 10. Nc2 O-O 11. d3 b5 12. Be3 e5 13. Rad1 Qa5 14. a3 b4 15. cxb4
cxb4 16. Bd2 Qb6 17. Nxb4 Nd4 18. Qe3 a5 19. Nc2 Qxb2 20. Nxd4 exd4 21. Qg5 Ra7
22. Bc1 Qb3 23. f4 Rc8 24. f5 Nc6 25. fxg6 fxg6 26. h4 Ne5 27. Bh3 Rf7 28. Bxc8
Nf3+ 29. Rxf3 Qxd1+ 0-1

[Event "XI GRAN TORNEO INTERNACIONAL AFICIONADOS"]
[Site "Benidorm (Alicante - SPAIN)"]
[Date "2012.12.06"]
[Round "7"]
[White "Carrasco Fernandez, Manuel"]
[Black "Muniz Giron, Carlos"]
[Result "0-1"]
[WhiteElo "1852"]
[BlackElo "1963"]
[PlyCount "57"]
[EventDate "2012.11.30"]
[EventRounds "10"]
[EventCountry "ESP"]

1. c4 Nf6 2. Nc3 e5 3. g3 Nc6 4. Bg2 Bb4 5. d3 Bxc3+ 6. bxc3 O-O 7. Nf3 h6 8.
O-O Re8 9. Nd2 Ne7 10. d4 d6 11. d5 Bg4 12. h3 Bf5 13. e4 Bc8 14. f4 exf4 15.
Rxf4 Ng6 16. Rf1 Ne5 17. Qe2 Qe7 18. Bb2 Nfd7 19. Rae1 Qg5 20. g4 Nf6 21. Nf3
Nxf3+ 22. Qxf3 h5 23. Bc1 hxg4 24. hxg4 Qxg4 25. Qd3 Qg6 26. Rf4 Ng4 27. Qg3
Ne5 28. Qxg6 Nxg6 29. Ba3 0-1

[Event "XI GRAN TORNEO INTERNACIONAL AFICIONADOS"]
[Site "Benidorm (Alicante - SPAIN)"]
[Date "2012.12.06"]
[Round "7"]
[White "Borja Rosagro, Jaime"]
[Black "Patino Andreu, Ramon"]
[Result "1/2-1/2"]
[WhiteElo "1764"]
[BlackElo "1944"]
[PlyCount "28"]
[EventDate "2012.11.30"]
[EventRounds "10"]
[EventCountry "ESP"]

1. d4 d5 2. c4 e6 3. Nc3 Nf6 4. Bg5 Be7 5. e3 O-O 6. cxd5 exd5 7. Bd3 Nbd7 8.
Nge2 c6 9. O-O Re8 10. Qc2 Nf8 11. Bf4 Ng6 12. Bg3 Nh5 13. Rab1 b6 14. b4 a5
1/2-1/2

[Event "XI GRAN TORNEO INTERNACIONAL AFICIONADOS"]
[Site "Benidorm (Alicante - SPAIN)"]
[Date "2012.12.06"]
[Round "7"]
[White "Thomson, Neil"]
[Black "Diaz Begonte, Manuel"]
[Result "0-1"]
[WhiteElo "1922"]
[BlackElo "1787"]
[PlyCount "54"]
[EventDate "2012.11.30"]
[EventRounds "10"]
[EventCountry "ESP"]

1. e4 d5 2. exd5 Nf6 3. d4 Nxd5 4. Nf3 Bf5 5. c4 Nb4 6. Qa4+ N8c6 7. Na3 e6 8.
Be3 Be7 9. Rd1 Qd7 10. c5 O-O 11. Bb5 Rfd8 12. O-O a6 13. Bxc6 Nxc6 14. b4 Bg4
15. Qb3 Bxf3 16. gxf3 Qd5 17. Qxd5 Rxd5 18. Nc2 Rad8 19. Rd2 Ne5 20. Kg2 Ng6
21. Rb1 c6 22. a4 Rf5 23. Ne1 Nf4+ 24. Kg3 Nd5 25. Nd3 h5 26. Ne5 Nxe3 27. fxe3
Rxe5 0-1

[Event "XI GRAN TORNEO INTERNACIONAL AFICIONADOS"]
[Site "Benidorm (Alicante - SPAIN)"]
[Date "2012.12.06"]
[Round "7"]
[White "Trabazos Gallego, Javier"]
[Black "Garcia Martinez, Oscar"]
[Result "1/2-1/2"]
[WhiteElo "1909"]
[BlackElo "1822"]
[PlyCount "41"]
[EventDate "2012.11.30"]
[EventRounds "10"]
[EventCountry "ESP"]

1. e4 e5 2. Nf3 Nc6 3. Nc3 Nf6 4. d4 d6 5. d5 Ne7 6. Bg5 Ng6 7. h3 Be7 8. Qd2
a6 9. Bc4 Nd7 10. Be3 Nf6 11. a4 Bd7 12. a5 Nxe4 13. Nxe4 f5 14. Nc3 f4 15. Bc5
dxc5 16. Qe2 Bd6 17. Ne4 Qe7 18. Ra3 O-O 19. Rb3 Rab8 20. Nxc5 Bf5 21. Ne4
1/2-1/2

[Event "XI GRAN TORNEO INTERNACIONAL AFICIONADOS"]
[Site "Benidorm (Alicante - SPAIN)"]
[Date "2012.12.06"]
[Round "7"]
[White "Blesa Fernandez, Francisco"]
[Black "Salgado Gonzalez, Julio"]
[Result "1-0"]
[WhiteElo "1889"]
[BlackElo "1840"]
[PlyCount "55"]
[EventDate "2012.11.30"]
[EventRounds "10"]
[EventCountry "ESP"]

1. d4 d5 2. c4 dxc4 3. Nf3 a6 4. e3 Bg4 5. Bxc4 e6 6. O-O Nf6 7. Nc3 c6 8. Be2
Bd6 9. e4 Bc7 10. Bg5 h6 11. Bh4 g5 12. Bg3 Bxf3 13. Bxf3 h5 14. Bxc7 Qxc7 15.
e5 Nd5 16. Ne4 g4 17. Nd6+ Kd8 18. Bxd5 exd5 19. Qd2 Qe7 20. Qa5+ Kd7 21. Qb6
Ke6 22. Nxb7 Kf5 23. Qb3 Kg6 24. Nd6 f5 25. Qd3 Qe6 26. f3 Rf8 27. fxg4 hxg4
28. Rxf5 1-0

[Event "XI GRAN TORNEO INTERNACIONAL AFICIONADOS"]
[Site "Benidorm (Alicante - SPAIN)"]
[Date "2012.12.06"]
[Round "7"]
[White "Valarezzo Ricard, Pedro"]
[Black "Fernandez Garcia, Ignacio"]
[Result "1-0"]
[WhiteElo "1888"]
[BlackElo "1794"]
[PlyCount "71"]
[EventDate "2012.11.30"]
[EventRounds "10"]
[EventCountry "ESP"]

1. d4 Nf6 2. Nf3 d6 3. Bf4 g6 4. Nc3 Bg7 5. Qd2 h6 6. e4 g5 7. Be3 c6 8. h3 b5
9. a3 Bb7 10. h4 g4 11. Nh2 h5 12. Be2 a5 13. f3 b4 14. Nd1 bxa3 15. Rxa3 Nbd7
16. c4 Qc7 17. Nc3 e5 18. d5 Ba6 19. Nf1 cxd5 20. cxd5 Bxe2 21. Qxe2 O-O 22.
Ng3 Rfc8 23. Nf5 Bf8 24. O-O Qc4 25. Qd2 Nh7 26. Bh6 Kh8 27. Bxf8 Rxf8 28. fxg4
Ndf6 29. Qh6 Rg8 30. Ne3 Nxg4 31. Qxh7+ Kxh7 32. Nxc4 Rg7 33. Nxd6 Ne3 34. Rxf7
Rb8 35. Rxg7+ Kxg7 36. Ncb5 1-0

[Event "XI GRAN TORNEO INTERNACIONAL AFICIONADOS"]
[Site "Benidorm (Alicante - SPAIN)"]
[Date "2012.12.06"]
[Round "7"]
[White "Ayza Casamitjana, Antoni"]
[Black "Miranzo Guijarro, Alberto"]
[Result "1-0"]
[WhiteElo "1882"]
[BlackElo "1783"]
[PlyCount "48"]
[EventDate "2012.11.30"]
[EventRounds "10"]
[EventCountry "ESP"]

1. e4 e6 2. Nf3 d5 3. e5 c5 4. b4 Qb6 5. bxc5 Bxc5 6. d4 Be7 7. Bd3 Nc6 8. O-O
Bd7 9. c3 f6 10. Re1 fxe5 11. dxe5 Bc5 12. Qe2 Nge7 13. Nbd2 O-O-O 14. Nb3 Rdf8
15. Nxc5 Qxc5 16. Be3 Qa3 17. Rab1 Rxf3 18. gxf3 Nxe5 19. Bb5 Bxb5 20. Rxb5
N7c6 21. Reb1 b6 22. Bf4 Qd6 23. Re1 Rf8 24. Bxe5 Qe7 1-0

[Event "XI GRAN TORNEO INTERNACIONAL AFICIONADOS"]
[Site "Benidorm (Alicante - SPAIN)"]
[Date "2012.12.06"]
[Round "8"]
[White "Esquerdo Nogueroles, Gaspar"]
[Black "Moya Mallafre, Erik"]
[Result "1/2-1/2"]
[WhiteElo "1927"]
[BlackElo "1995"]
[PlyCount "119"]
[EventDate "2012.11.30"]
[EventRounds "10"]
[EventCountry "ESP"]

1. e4 c6 2. d4 d5 3. e5 Bf5 4. g4 Be4 5. f3 Bg6 6. h4 h5 7. Bd3 Bxd3 8. Qxd3 e6
9. g5 g6 10. Ne2 Qb6 11. c3 Nd7 12. a4 a5 13. Nd2 Ne7 14. Nf1 c5 15. Nfg3 Nc6
16. Be3 cxd4 17. Bxd4 Ncxe5 18. Qe3 Bc5 19. O-O Nc4 20. Qd3 Nde5 21. Qc2 Bxd4+
22. cxd4 Ne3 23. Qc3 Nxf1 24. Rxf1 O-O 25. b3 Rac8 26. Qe3 Nc6 27. Qd3 e5 28.
Kh1 exd4 29. f4 Rfe8 30. Qf3 Re3 31. Qf2 Ne7 32. f5 Nxf5 33. Nxf5 gxf5 34. Qxf5
Qe6 35. Nxd4 Qe4+ 36. Qxe4 Rxe4 37. Nf5 Rc7 38. Rf3 Re2 39. Nh6+ Kg7 40. Rf1
Rb2 41. Nf5+ Kg6 42. Nd4 Rd2 43. Nf3 Re2 44. Nd4 Re4 45. Rf6+ Kh7 46. Nf5 Rf4
47. Kg2 d4 48. Kg3 Rg4+ 49. Kf3 Rc3+ 50. Ke2 Rg2+ 51. Kf1 Rd2 52. Rxf7+ Kg6 53.
Rf6+ Kh7 54. Rf7+ Kg8 55. Nh6+ Kh8 56. Rf8+ Kh7 57. Rf7+ Kg6 58. Rf6+ Kg7 59.
Rf7+ Kg6 60. Rf6+ 1/2-1/2

[Event "XI GRAN TORNEO INTERNACIONAL AFICIONADOS"]
[Site "Benidorm (Alicante - SPAIN)"]
[Date "2012.12.06"]
[Round "8"]
[White "Johnsen, Kjell Magne"]
[Black "Blanco, Juan"]
[Result "1/2-1/2"]
[WhiteElo "1989"]
[BlackElo "1963"]
[PlyCount "139"]
[EventDate "2012.11.30"]
[EventRounds "10"]
[EventCountry "ESP"]

1. d4 Nf6 2. c4 e6 3. Nc3 Bb4 4. Qc2 b6 5. Bg5 Bb7 6. a3 Be7 7. Nf3 d5 8. e3
O-O 9. Bxf6 Bxf6 10. cxd5 exd5 11. Bd3 h6 12. g4 c5 13. O-O-O c4 14. Bf5 g6 15.
g5 hxg5 16. Bxg6 fxg6 17. Qxg6+ Bg7 18. Nxg5 Rf6 19. Qh7+ Kf8 20. Rhg1 Qe7 21.
Rg2 Ke8 22. Qh3 Nd7 23. Rdg1 Bf8 24. Qg3 Bc6 25. f4 Kd8 26. Qf3 Kc7 27. Kd2 Re8
28. Re2 Rd6 29. f5 Nf6 30. Ne6+ Rxe6 31. fxe6 Qxe6 32. Rg6 Ne4+ 33. Qxe4 dxe4
34. Rxe6 Rxe6 35. Rf2 Be7 36. d5 Rd6 37. Rf5 Rd7 38. Ke2 Bb7 39. Rf4 Bxd5 40.
Nxd5+ Rxd5 41. Rxe4 Bf6 42. Rxc4+ Rc5 43. Rxc5+ bxc5 44. b3 Bb2 45. a4 Kd6 46.
Kd3 Kd5 47. h4 a5 48. h5 Ke5 49. Kc4 Ba3 50. h6 Kf6 51. e4 Kg6 52. Kb5 Bb4 53.
Kc6 Kxh6 54. e5 Kg7 55. e6 Kf8 56. Kd7 c4 57. bxc4 Ba3 58. Kd8 Be7+ 59. Kd7 Ba3
60. Kd8 Bb4 61. Kd7 Be7 62. Kc6 Ke8 63. c5 Bd8 64. Kd6 Be7+ 65. Kc6 Bd8 66. Kd6
Bh4 67. Kc6 Ke7 68. Kb6 Kxe6 69. Kxa5 Be1+ 70. Kb6 1/2-1/2

[Event "XI GRAN TORNEO INTERNACIONAL AFICIONADOS"]
[Site "Benidorm (Alicante - SPAIN)"]
[Date "2012.12.06"]
[Round "8"]
[White "Fernandez Aguilar, Francisco"]
[Black "Sanchez Sanchez, Alberto"]
[Result "1-0"]
[WhiteElo "1955"]
[BlackElo "1968"]
[PlyCount "59"]
[EventDate "2012.11.30"]
[EventRounds "10"]
[EventCountry "ESP"]

1. e4 d5 2. exd5 Qxd5 3. Nf3 Bg4 4. Be2 a6 5. d4 Nf6 6. O-O Nc6 7. c4 Qd6 8.
Be3 O-O-O 9. Ng5 Be6 10. d5 Qe5 11. Nd2 Bxd5 12. cxd5 Nxd5 13. Nxf7 Qxb2 14.
Bg4+ Kb8 15. Nxd8 Nxd8 16. Nc4 Qb5 17. Qb3 Qe8 18. Rfd1 e6 19. Bf3 c6 20. Nb6
Bd6 21. Nxd5 exd5 22. Rab1 Qe5 23. g3 h5 24. Bf4 Qf6 25. Bxd6+ Qxd6 26. Qe3 Ka8
27. h4 Ne6 28. Re1 Nd8 29. Qe7 Qa3 30. Qxa3 1-0

[Event "XI GRAN TORNEO INTERNACIONAL AFICIONADOS"]
[Site "Benidorm (Alicante - SPAIN)"]
[Date "2012.12.06"]
[Round "8"]
[White "Iglesias Garcia, Jorge"]
[Black "Aprea, Daniele"]
[Result "1-0"]
[WhiteElo "1968"]
[BlackElo "1946"]
[PlyCount "87"]
[EventDate "2012.11.30"]
[EventRounds "10"]
[EventCountry "ESP"]

1. d4 e6 2. c4 f5 3. Nc3 Bb4 4. Bd2 Nf6 5. Nf3 d6 6. Qb3 a5 7. a3 Bxc3 8. Bxc3
O-O 9. e3 Qe8 10. Bd3 Nbd7 11. Nd2 Kh8 12. f3 Qh5 13. O-O-O e5 14. h3 f4 15.
exf4 exf4 16. Rhe1 Qf7 17. Re2 Re8 18. Rde1 Rxe2 19. Rxe2 b6 20. c5 Qxb3 21.
Nxb3 Bb7 22. cxd6 cxd6 23. Re7 Re8 24. Rxe8+ Nxe8 25. Bb5 Ndf6 26. Nd2 Nc7 27.
Bd3 Ncd5 28. Nc4 Ba6 29. Kc2 Bxc4 30. Bxc4 Ne3+ 31. Kb3 d5 32. Bb5 Nxg2 33. Ka4
Ne3 34. Bd3 Nc4 35. Kb5 g5 36. Bxc4 dxc4 37. d5 Kg7 38. Kc6 h5 39. d6 Kf7 40.
Bxf6 g4 41. d7 Kxf6 42. d8=Q+ Ke5 43. Qd5+ Kf6 44. fxg4 1-0

[Event "XI GRAN TORNEO INTERNACIONAL AFICIONADOS"]
[Site "Benidorm (Alicante - SPAIN)"]
[Date "2012.12.06"]
[Round "8"]
[White "Botelho, Luis Miguel Rodrigue"]
[Black "Abul, Qasem"]
[Result "1-0"]
[WhiteElo "1972"]
[BlackElo "1998"]
[PlyCount "91"]
[EventDate "2012.11.30"]
[EventRounds "10"]
[EventCountry "ESP"]

1. e4 e5 2. Nf3 Nc6 3. d4 exd4 4. Bc4 Bc5 5. O-O d6 6. c3 Qf6 7. cxd4 Nxd4 8.
Nxd4 Bxd4 9. Qb3 Ne7 10. Nc3 c6 11. Be3 O-O 12. Bxd4 Qxd4 13. Rad1 Qc5 14. Na4
Qa5 15. Nc3 b5 16. Be2 Be6 17. Qc2 Rad8 18. b3 a6 19. Qd2 Qb6 20. Qg5 Rfe8 21.
Rd3 f6 22. Qg3 d5 23. Bh5 Rf8 24. Rfd1 d4 25. Ne2 c5 26. b4 Bxa2 27. bxc5 Qxc5
28. Bg4 Nc6 29. Bf5 Bc4 30. Nf4 Qe5 31. Qh4 g6 32. Rg3 Bf7 33. Rh3 h5 34. Rg3
Ne7 35. Nxh5 Be8 36. Nf4 Nxf5 37. exf5 Qxf5 38. Rh3 Qxh3 39. Qxh3 Rd6 40. Re1
g5 41. Qg3 Bf7 42. h4 Rfd8 43. hxg5 f5 44. g6 Bc4 45. Qh4 R8d7 46. Re8+ 1-0

[Event "XI GRAN TORNEO INTERNACIONAL AFICIONADOS"]
[Site "Benidorm (Alicante - SPAIN)"]
[Date "2012.12.06"]
[Round "8"]
[White "Haddad Filho, Paulo Ibrahim"]
[Black "Perez Garcia, Jose Miguel"]
[Result "1/2-1/2"]
[WhiteElo "1972"]
[BlackElo "1993"]
[PlyCount "80"]
[EventDate "2012.11.30"]
[EventRounds "10"]
[EventCountry "ESP"]

1. d4 Nf6 2. Nf3 c5 3. c4 cxd4 4. Nxd4 g6 5. Nc3 Nc6 6. e3 Bg7 7. Be2 O-O 8.
O-O d5 9. cxd5 Nxd5 10. Nxd5 Qxd5 11. Bf3 Qc4 12. Nxc6 bxc6 13. Qb3 Ba6 14.
Qxc4 Bxc4 15. Re1 Bd5 16. Bxd5 cxd5 17. Rb1 Rfc8 18. b3 Rc2 19. a4 a5 20. Ba3
e6 21. Rec1 Ra2 22. Bd6 d4 23. exd4 Bxd4 24. Bc5 e5 25. Bxd4 exd4 26. Rd1 Rd8
27. Rd3 Rc2 28. Kf1 Rc5 29. b4 axb4 30. Rxb4 Rcd5 31. a5 Rxa5 32. Rbxd4 Ra1+
33. Ke2 Re8+ 34. Kf3 Kg7 35. Rd7 Re6 36. R7d4 Ra2 37. Rd2 Rf6+ 38. Kg3 Ra3+ 39.
f3 Rf5 40. h4 h5 1/2-1/2

[Event "XI GRAN TORNEO INTERNACIONAL AFICIONADOS"]
[Site "Benidorm (Alicante - SPAIN)"]
[Date "2012.12.06"]
[Round "8"]
[White "Gonzalez Cuervo, Eloy"]
[Black "Marti Blanes, Jose Manuel"]
[Result "1-0"]
[WhiteElo "1961"]
[BlackElo "1987"]
[PlyCount "63"]
[EventDate "2012.11.30"]
[EventRounds "10"]
[EventCountry "ESP"]

1. e4 c5 2. Nf3 d6 3. Bb5+ Nc6 4. Bxc6+ bxc6 5. O-O g6 6. d3 Bg7 7. c4 e5 8.
Nc3 Ne7 9. h3 O-O 10. Nh2 f5 11. f4 Rb8 12. Qc2 Ba6 13. b3 h6 14. Bb2 g5 15. g3
fxe4 16. Nxe4 Nf5 17. fxg5 hxg5 18. Ng4 Nh6 19. Rxf8+ Qxf8 20. Rf1 Qe7 21.
Nef6+ Bxf6 22. Nxf6+ Kh8 23. Bc1 Qg7 24. Qd2 Nf7 25. Qf2 Nh6 26. Ne4 Bc8 27.
Bxg5 Ng8 28. Qf3 Qg6 29. Qf8 Bxh3 30. Bf6+ Qxf6 31. Rxf6 Rxf8 32. Rxf8 1-0

[Event "XI GRAN TORNEO INTERNACIONAL AFICIONADOS"]
[Site "Benidorm (Alicante - SPAIN)"]
[Date "2012.12.06"]
[Round "8"]
[White "Bote Kobolo, Benjamin"]
[Black "Sumin, Vladyslav"]
[Result "0-1"]
[WhiteElo "1944"]
[BlackElo "1983"]
[PlyCount "69"]
[EventDate "2012.11.30"]
[EventRounds "10"]
[EventCountry "ESP"]

1. e4 c5 2. Nc3 g6 3. Bc4 Bg7 4. Qf3 e6 5. Qe2 Nc6 6. Nf3 Nge7 7. d3 Nd4 8.
Nxd4 cxd4 9. Nb1 O-O 10. Bb3 d5 11. O-O dxe4 12. dxe4 Nc6 13. Rd1 b6 14. Nc3
Qe7 15. Nb5 a6 16. Na3 b5 17. Nb1 Bb7 18. Nd2 Rac8 19. Nf3 e5 20. Bd2 Kh8 21.
a4 b4 22. a5 Qc5 23. Ng5 Kg8 24. Qf3 Rc7 25. Qh3 h6 26. Nf3 h5 27. Rac1 Bc8 28.
Qg3 Kh8 29. Ne1 Bb7 30. Nd3 Qe7 31. Bg5 f6 32. Bd2 Kh7 33. Bd5 Na7 34. b3 Rb8
35. Nb2 0-1

[Event "XI GRAN TORNEO INTERNACIONAL AFICIONADOS"]
[Site "Benidorm (Alicante - SPAIN)"]
[Date "2012.12.06"]
[Round "8"]
[White "Albers, Andreas"]
[Black "Cardenas, Fernando Adrian"]
[Result "0-1"]
[WhiteElo "1937"]
[BlackElo "1980"]
[PlyCount "74"]
[EventDate "2012.11.30"]
[EventRounds "10"]
[EventCountry "ESP"]

1. e4 c5 2. Nf3 d6 3. d4 cxd4 4. Nxd4 Nf6 5. Nc3 g6 6. f4 Nc6 7. Nxc6 bxc6 8.
Be3 Bg7 9. Be2 Qa5 10. O-O O-O 11. a3 Rb8 12. b4 Qc7 13. Rb1 Bd7 14. Qd2 a5 15.
Bd4 axb4 16. axb4 e5 17. fxe5 dxe5 18. Bc5 Rfe8 19. Kh1 Be6 20. Rfd1 Red8 21.
Qe3 Bf8 22. Bxf8 Rxf8 23. Qc5 Nd7 24. Qd6 Qa7 25. Ra1 Qe3 26. Qd3 Qb6 27. b5
cxb5 28. Qxb5 Qc7 29. Qa5 Rfc8 30. Qxc7 Rxc7 31. Ra3 Rbc8 32. Nd5 Bxd5 33. exd5
Rxc2 34. Bf3 Rc1 35. Ra1 Rxd1+ 36. Rxd1 f5 37. Be2 Kf7 0-1

[Event "XI GRAN TORNEO INTERNACIONAL AFICIONADOS"]
[Site "Benidorm (Alicante - SPAIN)"]
[Date "2012.12.06"]
[Round "8"]
[White "Picazo Gonzalez, Alejandro"]
[Black "Stamenov, Valeriy"]
[Result "1/2-1/2"]
[WhiteElo "1991"]
[BlackElo "1915"]
[PlyCount "110"]
[EventDate "2012.11.30"]
[EventRounds "10"]
[EventCountry "ESP"]

1. e4 e5 2. Nf3 Nc6 3. d4 exd4 4. Nxd4 Bc5 5. Be3 Qf6 6. c3 Nge7 7. Bc4 Ne5 8.
Be2 Qg6 9. O-O d6 10. Nd2 Bh3 11. Bf3 O-O 12. Kh1 Bg4 13. Be2 Bxe2 14. Qxe2 Ng4
15. Bf4 Nc6 16. f3 Nge5 17. Be3 Bb6 18. f4 Nd7 19. f5 Qf6 20. N2f3 h6 21. Nxc6
Bxe3 22. Qxe3 bxc6 23. Qd4 Qe7 24. Rfe1 c5 25. Qd3 Rab8 26. b3 Ne5 27. Nxe5
Qxe5 28. Re3 Rfe8 29. Rae1 a5 30. Qd5 Qxd5 31. exd5 Kf8 32. Kg1 Rxe3 33. Rxe3
c4 34. bxc4 Rb2 35. c5 Rxa2 36. cxd6 cxd6 37. Re4 Rc2 38. Ra4 Rxc3 39. Rxa5 Rc5
40. Ra4 Rxd5 41. g4 Ke7 42. Kf2 h5 43. h3 hxg4 44. hxg4 Kf6 45. Kf3 Kg5 46. Ra7
Kf6 47. Ke4 Rd1 48. Ra6 g6 49. fxg6 fxg6 50. Kf4 Rd4+ 51. Ke3 Ke5 52. Kf3 Rd3+
53. Kf2 g5 54. Ra8 Rd4 55. Kg3 d5 1/2-1/2

[Event "XI GRAN TORNEO INTERNACIONAL AFICIONADOS"]
[Site "Benidorm (Alicante - SPAIN)"]
[Date "2012.12.06"]
[Round "8"]
[White "Arroyo Rodriguez, Jesus"]
[Black "Tirado Parra, Alberto"]
[Result "1-0"]
[WhiteElo "1985"]
[BlackElo "1940"]
[PlyCount "71"]
[EventDate "2012.11.30"]
[EventRounds "10"]
[EventCountry "ESP"]

1. Nf3 f5 2. c4 Nf6 3. g3 e6 4. Bg2 c6 5. O-O d5 6. b3 Bd6 7. d4 Qe7 8. Bf4
Bxf4 9. gxf4 O-O 10. Ne5 Bd7 11. Nc3 Ne4 12. Qd3 Qh4 13. e3 Be8 14. Ne2 Na6 15.
f3 Nd6 16. e4 Rf6 17. a3 Rh6 18. h3 Bg6 19. exd5 exd5 20. c5 Ne8 21. Nxc6 Nxc5
22. dxc5 bxc6 23. Qa6 Bh5 24. Rf2 Rg6 25. Kf1 Qe7 26. b4 Nc7 27. Qb7 Re8 28.
Nd4 Qf6 29. Rd1 Ne6 30. Qxc6 Rg3 31. Qxd5 Rd8 32. Qb3 Rxd4 33. Rxd4 Bf7 34. Rd6
Qh4 35. Rxe6 Qh5 36. Re8# 1-0

[Event "XI GRAN TORNEO INTERNACIONAL AFICIONADOS"]
[Site "Benidorm (Alicante - SPAIN)"]
[Date "2012.12.06"]
[Round "8"]
[White "Bas Mas, Miguel"]
[Black "Marquez Bernal, Florencio"]
[Result "1-0"]
[WhiteElo "1974"]
[BlackElo "1922"]
[PlyCount "115"]
[EventDate "2012.11.30"]
[EventRounds "10"]
[EventCountry "ESP"]

1. e4 c5 2. Nf3 Nc6 3. d4 cxd4 4. Nxd4 g6 5. Nc3 Bg7 6. Be3 Nf6 7. Be2 O-O 8.
Nb3 a5 9. a4 Nb4 10. Bf3 d6 11. O-O Be6 12. Nd4 Bc4 13. Be2 Bxe2 14. Qxe2 d5
15. e5 Ne8 16. f4 Rc8 17. Ncb5 Nc7 18. c3 Nc6 19. Rfd1 Nxd4 20. Bxd4 Ne6 21. g3
Nc5 22. Qe3 Nd7 23. e6 Nf6 24. h3 Rc6 25. exf7+ Rxf7 26. Rd3 Qd7 27. Kh2 Re6
28. Be5 Ne8 29. Rad1 g5 30. Rxd5 gxf4 31. gxf4 Qc6 32. Qd4 Rg6 33. Rd2 Bxe5 34.
Qxe5 e6 35. Rd8 Rfg7 36. Rxe8+ Qxe8 37. f5 Rg5 38. Qxe6+ Qxe6 39. fxe6 Kf8 40.
Nd4 Re5 41. Rf2+ Ke8 42. Rf6 h5 43. Rf2 h4 44. Nf5 Rg6 45. Nd4 Re1 46. Nf3
Rexe6 47. Nxh4 Rh6 48. Nf5 Rhg6 49. Nd4 Re1 50. Rf5 Reg1 51. Re5+ Kd8 52. Re2
b6 53. Rd2 Kc8 54. Nf5 Kc7 55. Ne7 Rg7 56. Nf5 R7g5 57. Nd4 Ra1 58. Ne6+ 1-0

[Event "XI GRAN TORNEO INTERNACIONAL AFICIONADOS"]
[Site "Benidorm (Alicante - SPAIN)"]
[Date "2012.12.06"]
[Round "8"]
[White "Blonna, Michele"]
[Black "Castrillon Otero, Javier"]
[Result "0-1"]
[WhiteElo "1970"]
[BlackElo "1897"]
[PlyCount "44"]
[EventDate "2012.11.30"]
[EventRounds "10"]
[EventCountry "ESP"]

1. e4 e5 2. Nf3 Nc6 3. Bb5 Bc5 4. c3 f5 5. Bxc6 dxc6 6. Nxe5 Bd6 7. d4 Bxe5 8.
dxe5 Qxd1+ 9. Kxd1 fxe4 10. Re1 Bf5 11. Bg5 h6 12. Bh4 g5 13. Bg3 O-O-O+ 14.
Kc1 Ne7 15. Nd2 Ng6 16. Nxe4 Rhe8 17. Nf6 Re7 18. Re3 Nf8 19. Re2 Nd7 20. Re3
Nxf6 21. exf6 Red7 22. b4 Rd2 0-1

[Event "XI GRAN TORNEO INTERNACIONAL AFICIONADOS"]
[Site "Benidorm (Alicante - SPAIN)"]
[Date "2012.12.06"]
[Round "8"]
[White "Ribera Cebolla, Marc"]
[Black "Muniz Giron, Carlos"]
[Result "1-0"]
[WhiteElo "1885"]
[BlackElo "1963"]
[PlyCount "83"]
[EventDate "2012.11.30"]
[EventRounds "10"]
[EventCountry "ESP"]

1. e4 c5 2. Nf3 e6 3. d4 cxd4 4. Nxd4 a6 5. Nc3 Nc6 6. Nxc6 bxc6 7. Bd3 d5 8.
Qe2 Nf6 9. O-O Be7 10. b3 Qc7 11. Bb2 Qf4 12. exd5 cxd5 13. Na4 Qc7 14. Bd4 Rb8
15. c4 dxc4 16. Bxc4 Qc6 17. Rac1 O-O 18. Rfd1 Bb7 19. f3 Ba3 20. Rc2 Rfd8 21.
Bd3 Qe8 22. Be5 Rbc8 23. Kh1 Rxc2 24. Qxc2 Rc8 25. Qb1 h6 26. Nb6 Rc6 27. Nc4
Bb4 28. Qb2 Qe7 29. a3 Bc5 30. b4 Bb6 31. Bf1 Bc7 32. Bd4 Bd8 33. Bc5 Qc7 34.
Ne5 Nd5 35. Nxc6 Qxc6 36. Bd4 Bf6 37. Bxf6 Nxf6 38. b5 axb5 39. Qxb5 Qc7 40.
Rb1 Bc8 41. Qc4 Qxc4 42. Bxc4 1-0

[Event "XI GRAN TORNEO INTERNACIONAL AFICIONADOS"]
[Site "Benidorm (Alicante - SPAIN)"]
[Date "2012.12.06"]
[Round "8"]
[White "Ribon Calabia, Mariano"]
[Black "Stefanov, Evtim"]
[Result "0-1"]
[WhiteElo "1814"]
[BlackElo "1963"]
[PlyCount "78"]
[EventDate "2012.11.30"]
[EventRounds "10"]
[EventCountry "ESP"]

1. e4 c5 2. Nf3 e6 3. d4 cxd4 4. Nxd4 a6 5. Bd3 Bc5 6. Nf3 Nc6 7. Nc3 b5 8. e5
d5 9. exd6 Bxd6 10. Ne4 Be7 11. Be3 Nb4 12. Bd4 Nxd3+ 13. Qxd3 Nf6 14. Nxf6+
Bxf6 15. O-O-O Bxd4 16. Qxd4 Qxd4 17. Nxd4 Bb7 18. Rhg1 O-O 19. f4 Rac8 20. a3
Rc4 21. c3 Rfc8 22. Rd2 g6 23. g3 R4c5 24. Re1 Bd5 25. h4 a5 26. Rd3 b4 27.
axb4 axb4 28. Kd2 Bc4 29. Rde3 Rd5 30. Re5 bxc3+ 31. bxc3 Ra8 32. Rxd5 Ra2+ 33.
Kc1 exd5 34. f5 Kg7 35. g4 Bd3 36. Re3 Be4 37. c4 Ra4 38. fxg6 Rxc4+ 39. Kd2
Rxd4+ 0-1

[Event "XI GRAN TORNEO INTERNACIONAL AFICIONADOS"]
[Site "Benidorm (Alicante - SPAIN)"]
[Date "2012.12.06"]
[Round "8"]
[White "Borja Perez, Jose"]
[Black "Fournier, Manuel"]
[Result "1/2-1/2"]
[WhiteElo "1944"]
[BlackElo "1884"]
[PlyCount "72"]
[EventDate "2012.11.30"]
[EventRounds "10"]
[EventCountry "ESP"]

1. e4 e5 2. Nf3 Nc6 3. Bc4 Bc5 4. b4 Bxb4 5. c3 Be7 6. Qb3 Nh6 7. d4 Na5 8. Qb5
Nxc4 9. Qxc4 exd4 10. Qxd4 Rg8 11. h3 d6 12. g4 f6 13. Bxh6 gxh6 14. Qd5 Kf8
15. Qh5 Kg7 16. Nbd2 Qe8 17. Qd5 c6 18. Qd3 Bd7 19. O-O-O Qf7 20. Qc2 Rad8 21.
Nd4 Kh8 22. Nf1 d5 23. exd5 cxd5 24. Ne3 Rge8 25. Kb2 Bf8 26. Rhe1 b5 27. Qb3
a5 28. Nef5 Rxe1 29. Rxe1 b4 30. Rc1 bxc3+ 31. Rxc3 Qe8 32. Rc7 Rb8 33. Rb7
Rxb7 34. Qxb7 Bxf5 35. gxf5 Qe5 36. Qb6 h5 1/2-1/2